| 000 | 01615cam a2200301 a 4500 | ||
|---|---|---|---|
| 001 | 15340525 | ||
| 005 | 20090901064532.0 | ||
| 008 | 080623s2008 enka b 001 0 eng | ||
| 010 | _a 2008027833 | ||
| 020 | _a9780521871365 (hbk.) | ||
| 035 | _a(OCoLC)ocn227031830 | ||
| 035 |
_a(OCoLC)227031830 _z(OCoLC)232588960 |
||
| 040 |
_aDLC _cDLC _dBTCTA _dYDXCP _dBAKER _dBWKUK _dBWK _dCDX _dJ2H _dIXA _dDLC |
||
| 050 | 0 | 0 |
_aJZ1305 _b.L43 2008 |
| 082 | 0 | 0 |
_a327.101 _222 _bLEB |
| 100 | 1 |
_aLebow, Richard Ned. _99298 |
|
| 245 | 1 | 2 |
_aA Cultural Theory of International Relations / _cRichard Ned Lebow. |
| 260 |
_aCambridge, UK ; _aNew York : _bCambridge University Press, _c2008. |
||
| 300 |
_axi, 762 p. : _bill. ; _c24 cm. |
||
| 504 | _aIncludes bibliographical references (p. 571-740) and index. | ||
| 505 | 0 | _aIntroduction -- Fear, interest and honor -- The spirit and its expression -- The ancient world -- Medieval Europe -- From Sun King to revolution -- Imperialism and World War I -- World War II -- Hitler to Bush and beyond -- General findings and conclusions. | |
| 650 | 0 |
_aInternational relations _xPhilosophy. _99299 |
|
| 650 | 0 |
_aConstructivism (Philosophy) _99300 |
|
| 856 | 4 | 1 |
_3Table of contents only _uhttp://www.loc.gov/catdir/toc/ecip0821/2008027833.html |
| 942 |
_2ddc _cBB |
||
| 999 |
_c12895 _d12895 |
||